Welcome to WEB OPAC of MRSPTU Central Library

Problems and solutions in electromagnetics (Record no. 6232)

MARC details
000 -LEADER
fixed length control field 00468nam a2200169Ia 4500
008 - FIXED-LENGTH DATA ELEMENTS--GENERAL INFORMATION
fixed length control field 230711s9999||||xx |||||||||||||| ||und||
020 ## - INTERNATIONAL STANDARD BOOK NUMBER
International Standard Book Number 978-0-07-070274-5
041 ## - LANGUAGE CODE
Language code of text/sound track or separate title ENG
082 ## - DEWEY DECIMAL CLASSIFICATION NUMBER
Classification number 621.309
Item number HA-E
100 ## - MAIN ENTRY--PERSONAL NAME
Personal name Hayt,William H
245 #0 - TITLE STATEMENT
Title Problems and solutions in electromagnetics
250 ## - EDITION STATEMENT
Edition statement 8th Ed.
260 ## - PUBLICATION, DISTRIBUTION, ETC.
Date of publication, distribution, etc. 2015
Place of publication, distribution, etc. New Delhi
Name of publisher, distributor, etc. McGraw Hill Education(India) Private Limited
650 ## - SUBJECT ADDED ENTRY--TOPICAL TERM
Topical term or geographic name entry element Electrical Engineering
700 ## - ADDED ENTRY--PERSONAL NAME
Personal name Buck,John A
942 ## - ADDED ENTRY ELEMENTS (KOHA)
Koha item type Book
Holdings
Withdrawn status Lost status Damaged status Not for loan Collection Home library Current library Date acquired Cost, normal purchase price Inventory number Total checkouts Full call number Barcode Date last seen Price effective from Koha item type Date last checked out
          MRSPTU Central Library MRSPTU Central Library   550.00 KBD/2016-2017/961042808   621.309 HA-E 35105 08/17/2023 08/17/2023 Book  
          MRSPTU Central Library MRSPTU Central Library   550.00 KBD/2016-2017/961042808   621.309 HA-E 35106 08/17/2023 08/17/2023 Book  
          MRSPTU Central Library MRSPTU Central Library   550.00 KBD/2016-2017/961042808   621.309 HA-E 35107 08/17/2023 08/17/2023 Book  
          MRSPTU Central Library MRSPTU Central Library   550.00 KBD/2016-2017/961042808 1 621.309 HA-E 35108 02/19/2026 08/17/2023 Book 01/29/2026
          MRSPTU Central Library MRSPTU Central Library   550.00 KBD/2016-2017/961042808   621.309 HA-E 35109 08/17/2023 08/17/2023 Book  

Website Designed and Developed by MRSPTU Central Library Team

E-mail Id: librarian@mrsptu.ac.in